Kočičí válečníci : superedice. Žlutozubčino tajemství /
Další pokračování příběhů ze superedice populární fantasy série.
Uloženo v:
| Série: | Kočičí válečníci: Superedice,
část 3 |
|---|---|
| Hlavní autor: | |
| Další autoři: | |
| Médium: | E-kniha |
| Jazyk: | Czech |
| Vydáno: |
V Praze :
Albatros,
2025
|
| Vydání: | 1. vydání |
| Témata: | |
| Příbuzné jednotky: | Z cyklu::
Kočičí válečníci: Superedice |
| Tagy: |
Žádné tagy |
| LEADER | 02742nam a2200553 i 4500 | ||
|---|---|---|---|
| 001 | 312920 | ||
| 003 | CZ PrSKC | ||
| 005 | 20260601215730.0 | ||
| 007 | ta | ||
| 008 | 251024s2025 xr c 000 f cze d | ||
| 015 | |a cnb003713092 | ||
| 020 | |a 9788000079349 |q (brožováno) : |c Kč 399,00 | ||
| 035 | |a (OCoLC)1559933537 | ||
| 040 | |a ABG001 |b cze |d BOG001 |d ABG001 |e rda | ||
| 041 | 1 | |a cze |h eng | |
| 072 | 7 | |a 821.111-3 |x Anglická próza, anglicky psaná |2 Konspekt | |
| 072 | 7 | |a 821-93 |x Literatura pro děti a mládež (beletrie) |2 Konspekt | |
| 080 | |a 821.111-31 |2 MRF | ||
| 080 | |a 821-93 |2 MRF | ||
| 080 | |a (0:82-312.9) |2 MRF | ||
| 100 | 1 | |a Hunter, Erin |7 mzk2006363422 |4 aut | |
| 240 | 1 | 0 | |a Yellowfang's secret. |l Česky |
| 245 | 1 | 0 | |a Kočičí válečníci : |b superedice. |p Žlutozubčino tajemství / |c Erin Hunterová ; přeložila Beata Krenželoková |
| 246 | 3 | |a Kočičí válečníci: Superedice | |
| 246 | 3 | 0 | |a Žlutozubčino tajemství |
| 250 | |a 1. vydání | ||
| 264 | 1 | |a V Praze : |b Albatros, |c 2025 | |
| 300 | |a 418 stran ; |c 21 cm | ||
| 336 | |a text |b txt |2 rdacontent | ||
| 337 | |a bez média |b n |2 rdamedia | ||
| 338 | |a svazek |b nc |2 rdacarrier | ||
| 500 | |a Přeloženo z angličtiny | ||
| 520 | 2 | |a Další pokračování příběhů ze superedice populární fantasy série. |b Žlutinka se nemohla dočkat, až se stane válečnicí Stínového klanu. Absolvovala bojový výcvik a vysloužila si válečnické jméno, ale v té době už se objevovaly jasné náznaky, že jejím skutečným posláním bude něco mnohem důležitějšího. Jako léčitelka pak Žlutozubka udělala pro svůj klan mnoho dobrého. Jenže ve snech ji pronásledovalo temné proroctví. Nakladatelská anotace. Kráceno. | |
| 521 | 8 | |a Pro čtenáře od 9 let | |
| 655 | 7 | |a anglické romány |7 fd131814 |2 czenas | |
| 655 | 7 | |a fantasy romány |7 fd184199 |2 czenas | |
| 655 | 7 | |a publikace pro děti |7 fd133156 |2 czenas | |
| 655 | 9 | |a English fiction |2 eczenas | |
| 655 | 9 | |a fantasy novels |2 eczenas | |
| 655 | 9 | |a children's literature |2 eczenas | |
| 700 | 1 | |a Krenželoková, Beata, |d 1995- |7 xx0243991 |4 trl | |
| 765 | 1 | |t Super edition warriors | |
| 787 | 0 | 8 | |i Z cyklu: |t Kočičí válečníci: Superedice |g 3 |
| 900 | |a ABA001 |b 20 | ||
| 928 | 9 | |a Albatros Media - Albatros | |
| 044 | |a xr | ||
| 910 | |a RBIT002 | ||
| 998 | |d 425114 |a https://core.palmknihy.cz/api/books/425114/cover?tasecl |b https://core.palmknihy.cz/api/books/425114/cover/400?tasecl |c https://core.palmknihy.cz/api/books/425114/cover/50?tasecl |e 2029-03-12 |g 424 |i 9788000079349 |j https://core.palmknihy.cz/api/books/425114/preview.epub |k https://core.palmknihy.cz/api/books/425114/preview.pdf |l |q 49 |r 1 |s https://www.palmknihy.cz/kniha/425114 |t ebook |y 2026 |z 0 | ||
| 999 | |d 312918 | ||